| 000 | 00838nas a2200265 4500 | ||
|---|---|---|---|
| 001 | BR9804735 | ||
| 003 | BR-BrBNA | ||
| 005 | 20231205101119.0 | ||
| 007 | ta | ||
| 008 | 230509b bl.|||p| |||| 00| 00por d | ||
| 040 |
_aBR-BrBNA _bpor _cBiblioteca Nacional de Agricultura |
||
| 041 | _a(Pt) | ||
| 072 | _aP33 | ||
| 100 | 1 | _aCastro, C.B. de | |
| 100 | 1 | _aDias, A.C. da C.P. | |
| 100 | 1 | _aChaves, R. de S. | |
| 245 | 1 | _aRetencao de agua de um Latossolo Amarelo sob capoeira e cultivo intensivo | |
| 650 | _aLatossolo Amarelo | ||
| 650 | _aRetencao de Agua no Solo | ||
| 650 | _aCapoeira | ||
| 650 | _aCultivo Intensivo | ||
| 773 | 0 |
_tBoletim da Faculdade de Ciencias Agrarias do Para (Brazil) _xISSN 0100-2694 _g(Jul-Dec 1995), (no. 24) p. 45-56 _wBR9804735 |
|
| 909 |
_a202311 _bLúcia _c55 _dLúcia Elande |
||
| 942 |
_2AGRIS _n0 _cANA |
||
| 999 |
_c159820 _d159820 |
||